• 首页
  • 本馆介绍
  • 公告通知
  • 最新文献
  • 馆藏检索
  • 电子资源
  • 读者导购
  • 参考咨询
  • 我的图书馆
  • 登录
  • 详细信息显示
  • 放入我的书架
  • 预约/预借图书
  • 作者相关作品
  • 分类相关作品
  • 丛书相关作品
  • 出版社相关作品

书目信息

  • 表格格式
  • 工作单格式
  • 卡片格式
题名:
国际动物命名法规
    
 
作者: 斯托尔 编 ;朱弘复 译
分册:  
出版信息: 北京   科学出版社  1964
页数: 116页
开本: 20cm
丛书名:
单 册:
中图分类: Q91-03
科图分类:
主题词: 动物-命名法--世界 , 古生物学 , 命名法-动物--世界
电子资源:
ISBN:
000 00750nam0 2200253 45
001 0178005843
005 20060818162034.37
010    @dCNY0.65
091    @aCN@b13031.850
100    @a19950727e19781964em y0chiy0121 ea
101 0  @achi
102    @aCN@b110000
105    @ay z 000yy
200 10 @a国际动物命名法规@Aguo ji dong wu ming ming fa gui@e第十五届国际动物学会通过@fN·R·斯托尔等编@FN·R·si tuo er deng bian@g朱弘复等译
210    @a北京@c科学出版社@d1964
215    @a116页@d20cm
606    @a动物-命名法@y世界
606 0  @a古生物学
606    @a命名法-动物@y世界
690    @aQ91-03@v3
701  1 @a斯托尔@Asi tuo er@bN.R.@4编
702  0 @a朱弘复@Azhu hong fu@4译
801  0 @aCN@bTSSF@c20060818
905    @a10447@dQ91-03@e3
    
    国际动物命名法规:第十五届国际动物学会通过/N·R·斯托尔等编/朱弘复等译.-北京:科学出版社,1964
    116页;20cm
    
    
    ISBN :CNY0.65
    
●
相关链接 在E读中查询图书 在五车中查询图书 在当当中查询图书 在豆瓣中查询图书


正题名:国际动物命名法规     索取号:Q91-03/3         预约/预借

序号 登录号 条形码 馆藏地/架位号 状态 备注
1 0004961   202386649   密集书库/ [索取号:Q91-03/3] 在馆    
2 0458819   204588197   密集书库/ [索取号:Q91-03/3] 在馆    
3 0458820   204588204   密集书库/ [索取号:Q91-03/3] 在馆    
4 0458821   204588213   密集书库/ [索取号:Q91-03/3] 在馆    
唐山师范学院图书馆 欢迎您!
大连网信软件有限公司© 版权所有